Dân ca Thái 206 bài đân ca Thái về tình yêu

Uloženo v:
Podrobná bibliografie
Hlavní autor: Dân ca Thái
Médium: Kniha
Jazyk:Undetermined
Vydáno: Hà Nội Văn hóa 1979
Témata:
Tagy: Přidat tag
Žádné tagy, Buďte první, kdo otaguje tento záznam!
Thư viện lưu trữ: Trung tâm Học liệu Trường Đại học Cần Thơ
LEADER 00518nam a2200181Ia 4500
001 CTU_9810
008 210402s9999 xx 000 0 und d
082 |a 398.9495 
082 |b D121th 
100 |a Dân ca Thái 
245 0 |a Dân ca Thái 
245 0 |b 206 bài đân ca Thái về tình yêu 
245 0 |c Dân ca Thái, Mạc Phi 
260 |a Hà Nội 
260 |b Văn hóa 
260 |c 1979 
650 |a folk songs, vietnamese 
980 |a Trung tâm Học liệu Trường Đại học Cần Thơ